| 000 | 00470nam a2200181Ia 4500 | ||
|---|---|---|---|
| 001 | 8542 | ||
| 005 | 20260306160617.0 | ||
| 008 | 260306t2016||||xx |||||||||||||| ||spa|| | ||
| 041 | _aESP | ||
| 082 |
_a371.102 _bL726 |
||
| 100 |
_aLlanos Ceballos, Adolfo León, _eAUT |
||
| 245 | 0 |
_aCómo resignificar la escuela : _bracionalidad y epistemología |
|
| 260 | _c2016 | ||
| 300 |
_a249 páginas : _c24 cm. |
||
| 650 | _aGEN | ||
| 654 | _aCED | ||
| 942 |
_cLIB _dJUS _fJUS _2ddc _n |
||
| 999 |
_c8542 _d8542 |
||